000 00543nam a22001697a 4500
008 241212b ||||| |||| 00| 0 spa d
020 _a978-987-46077-0-6
040 _aAR-FvUNAJ
_dAR-FvUNAJ
_eaacr2
082 1 4 _214
_a324.2
245 0 0 _aPatios militantes :
_bdiálogos de Cristina con los jóvenes /
_cCompilador Gustavo Cerelli.
260 _aBuenos Aires :
_bBalkbrug,
_c2015.
300 _a268 p.
600 1 0 _97810
_aFernández de Kirchner, Cristina
650 0 _9548
_aPOLITICA
700 1 _920978
_aCerelli, Gustavo
942 _2ddc
_cLIBRO
999 _c10592
_d10592
980 _62
_aVirginia Figueroa
_82
_gVirginia Figueroa